The consequences for the property owner when reinstatement of a damaged building is frustrated (Record no. 62432)
[ view plain ]
| 000 -LEADER | |
|---|---|
| fixed length control field | 00899cam a2200217 4500 |
| 001 - CONTROL NUMBER | |
| control field | ABS61829 |
| 008 - FIXED-LENGTH DATA ELEMENTS--GENERAL INFORMATION | |
| fixed length control field | 000000n1999 000 0 eng u |
| 035 ## - SYSTEM CONTROL NUMBER | |
| System control number | (Sirsi) u104028 |
| 100 ## - MAIN ENTRY--PERSONAL NAME | |
| Personal name | Robinson, R. |
| 245 #4 - TITLE STATEMENT | |
| Title | The consequences for the property owner when reinstatement of a damaged building is frustrated |
| 260 ## - PUBLICATION, DISTRIBUTION, ETC. | |
| Date of publication, distribution, etc. | 1999 |
| 490 ## - SERIES STATEMENT | |
| Series statement | Property Journal |
| Volume/sequential designation | December 1999, 2-4(3) |
| 520 ## - SUMMARY, ETC. | |
| Summary, etc. | Considers the consequences for owners if a building is destroyed or badly damaged and cannot be reinstated to its orginal size and use because of planning permission. Discusses how landlords can try and protect themselves against such a situation. |
| 590 ## - LOCAL NOTE (RLIN) | |
| Local note | ABS |
| 650 ## - SUBJECT ADDED ENTRY--TOPICAL TERM | |
| Topical term or geographic name entry element | BUILDINGS INSURANCE |
| 650 ## - SUBJECT ADDED ENTRY--TOPICAL TERM | |
| Topical term or geographic name entry element | INSURANCE POLICIES |
| 650 ## - SUBJECT ADDED ENTRY--TOPICAL TERM | |
| Topical term or geographic name entry element | BUILT ENVIRONMENT-BUILDING COSTS-REINSTATEMENT COSTS |
| 650 ## - SUBJECT ADDED ENTRY--TOPICAL TERM | |
| Topical term or geographic name entry element | PLANNING PERMISSION |
| 690 ## - LOCAL SUBJECT ADDED ENTRY--TOPICAL TERM (OCLC, RLIN) | |
| Topical term or geographic name as entry element | PLANNING-PLANNING PRACTICE |
| 942 ## - ADDED ENTRY ELEMENTS (KOHA) | |
| Suppress in OPAC | 0 |
| Withdrawn status | Lost status | Source of classification or shelving scheme | Damaged status | Not for loan | Home library | Current library | Shelving location | Date acquired | Total Checkouts | Full call number | Barcode | Date last seen | Copy number | Price effective from | Koha item type |
|---|---|---|---|---|---|---|---|---|---|---|---|---|---|---|---|
| Dewey Decimal Classification | London | London | Journal article | 04/02/2000 | ABS61829 | 104028-1001 | 06/08/2019 | 1 | 06/08/2019 | Journal article |